=LDR 00000nam 2200000 4500 =001 INLIS000000000051091 =005 20230221024652 =035 ##$$a 0010-0817000274 =007 ta =008 230221###########################0###### =020 ##$$a 978-602-317--131-6 =082 ##$$a 371.3 =084 ##$$a 371.3 MUH t =100 #$$a Muhammad Amien =245 1#$$a Top NO #1 Super Intensif UN 2016 : $b Edisi Terlengkap dan ter-Update /$c Muhammad Amien =250 ##$$a Cet. 1 =260 ##$$a Surakarta :$b BISA,$c 2015 =300 ##$$a 792 hLM ; $c 23 Cm =990 ##$$a 01201709546 =990 ##$$a 31700285